000 00699nam a22002297a 4500
005 20170124110126.0
010 _a166245
020 _c00.00
035 _a166245
037 _bCen Lib/Ret
040 _aDPL
_bEN
082 _a954.01
_bGOR
100 _aGordon, D.H.
_931455
245 _aThe pre-historic background of Indian culture /
_cby D.H.Gordon
260 _bBhulabhai Memorial Institute
_aBombay
_c1958
270 _bBombay
_a89 Bhulabhai Desai Road
_e26
300 _a199p. :
_c24cm(Hb)
_bill.
500 _aIncludes bibliographical references and index
650 _aIndia -- Antiquities
_919756
650 _aAntiquities
_919751
942 _2ddc
_cEN
_h954.01
_mGOR
999 _c131315
_d131315